I 10 eserciti più forti del mondo - Gli eserciti più grandi - Statistics

Statistiche generali
  • Questo quiz è stato fatto 34 volte
  • Il punteggio medio è 9 su 10
Statistiche sulle risposte
Risposta % Corretto
Francia
100%
Russia
100%
Stati Uniti
100%
Cina
97%
Giappone
93%
India
93%
Regno Unito
93%
Italia
87%
Corea del Sud
63%
Turchia
60%
Nessun quiz corrispondente trovato
Distribuzione punteggi
Percentuale di utenti per punteggio
Percentile per numero di risposta
I tuoi punteggi nel tempo
Non hai fatto questo quiz